Score 0/25 Timer 09:00
0 Plays Today
% Correct
Grease
98.9%
Cats
92.4%
Peter Pan
92%
Rodgers and Hammerstein's Cinderella
91.9%
Hairspray
90.1%
The Phantom of the Opera
89.7%
The Sound of Music
88.4%
The Wiz
88.3%
Joseph and the Amazing Technicolor Dreamcoat
84.3%
Beauty and the Beast
83.4%
You're a Good Man, Charlie Brown
83.1%
Les Misérables
82.7%
Annie
82.3%
% Correct
Oliver!
81.6%
Little Shop of Horrors
77.3%
Evita
76.8%
Oklahoma!
75.5%
Fiddler on the Roof
72.1%
Footloose
72.1%
Dreamgirls
70.7%
The King and I
70.2%
Chicago
69.5%
Sweeney Todd
68.8%
The Music Man
67.4%
South Pacific
64.9%
Remove Ads.
Support Sporcle.
Get the best of Sporcle when you Go Orange. This ad-free experience offers more features, more stats, and more fun while also helping to support Sporcle. Thank you for becoming a member.

You're not logged in!

Compare scores with friends on all Sporcle quizzes.
OR
Log In

Show Comments

Extras

Top Quizzes Today


Score Distribution

Your Account Isn't Verified!

In order to create a playlist on Sporcle, you need to verify the email address you used during registration. Go to your Sporcle Settings to finish the process.

Report this User

Report this user for behavior that violates our Community Guidelines.

Details: